| 000 | 00399nam a22001577a 4500 | ||
|---|---|---|---|
| 999 |
_c17567 _d17567 |
||
| 003 | OSt | ||
| 005 | 20221109153116.0 | ||
| 008 | 221108b ||||| |||| 00| 0 eng d | ||
| 040 | _c0 | ||
| 100 |
_aDe Vera, Ben O. _946686 |
||
| 245 | _aCOVID-19 to cut Q1 growth / | ||
| 260 |
_aPhilippines ; _cFebruary 27, 2020. _b Inquirer, |
||
| 300 | _apage B2. | ||
| 650 |
_aHealth. _946687 |
||
| 942 |
_2ddc _cPER |
||